000
00251nam a2200109Ia 4500
008
190216s9999||||xx |||||||||||||| ||und||
100
_a
Siva Sasthry T V
245
0
_a
Bsc Zoology Vol Iii
260
_b
Commercial Pub
650
_a
Zoology
942
_c
BK
999
_c
37433
_d
37433